000 00621nam a22001937a 4500
999 _c159831
_d159831
005 20190114111248.0
010 _aENG-124634
020 _a9780199489282
_c650.00
035 _aEN-108166
037 _bDBAD/PUB
082 _a340.9
100 _aGovindaraj V.C.
245 _aPrivate international law:
_cby Govindaraj V.C.
_ba case study/
260 _aNew Delhi
_bOxford Univrsity Press
_c2018
270 _a2/11 Ground Floor, Ansari Road, Daryaganj,
_bNew Delhi
_e110002
300 _axiv, 170p.
_c21cm.(Hb)
500 _aIt includes index and about the author
942 _2ddc
_cEN
_mGOV
_h340.9